Statistics for Countries that visit China the most

Click here to take the quiz!

General Stats

  • This quiz has been taken 61 times
  • The average score is 14 of 15

Answer Stats

Number of touristsCountry% Correct
752,000Australia
100%
864,000India
100%
2,691,000Japan
100%
4,193,000South Korea
100%
6,140,000Taiwan
98%
2,485,000United States
98%
2,160,800*Vietnam
98%
833,000Thailand
96%
2,415,000Russia
94%
850,000Canada
90%
1,291,000Malaysia
86%
1,205,000Philippines
84%
978,000Singapore
82%
1,916,000Mongolia
76%
949,000*Pakistan
73%

Score Distribution

Percentile by Number Answered

Percent of People with Each Score

Your Score History

You have not taken this quiz